000 00785nam a2200289 a 4500
001 76060
003 BD-RjUL
005 20211209082801.0
008 191017s1959 nyu 000 0 eng
035 _a(BD-RjUL)76280
035 _a(OCoLC)560532
040 _aDLC
_cODaWU
_dOCoLC
_dUk
_dDLC
_dBD-RjUL
_beng
041 _aeng
042 _apremarc
082 _223
_a658.56
_bMOP 1959
100 1 _aMoore, Franklin G.,
_d1905-
_9233862
245 1 0 _aProduction control /
_cFranklin G. Moore.
250 _a2d ed.
260 _aNew York:
_bMcGraw-Hill,
_c1959.
300 _a655 p.:
_bill.;
_c23 cm.
504 _aIncludes bibliography.
650 0 _aProduction control.
_9233863
942 _2ddc
_cBK
999 _c76060
_d76060